| 000 | 00748cam a22002534a 4500 | ||
|---|---|---|---|
| 001 | 13105966 | ||
| 003 | OSt | ||
| 005 | 20150908104933.0 | ||
| 008 | 030227s2004 maua 001 0 eng | ||
| 010 | _a 2003044385 | ||
| 020 | _a0201709104 | ||
| 040 | _aSEKU | ||
| 042 | _apcc | ||
| 050 | 0 | 0 |
_aQA 276.12 _b.D4 2004 |
| 100 | 1 | _aDe Veaux, Richard D. | |
| 245 | 1 | 0 |
_aIntro stats _cRichard D. De Veaux, Paul F. Velleman ; with contributions by David E. Bock. |
| 260 |
_aBoston : _bPearson/Addison-Wesley, _cc2004. |
||
| 300 |
_axxi, 567, 53 p. : _bcol. ill., map ; _c27 cm. + _e1 CD-ROM (4 3/4 in.) |
||
| 500 | _aIncludes index. | ||
| 650 | 0 | _aStatistics. | |
| 700 | 1 |
_aVelleman, Paul F., _d1949- |
|
| 700 | 1 | _aBock, David E. | |
| 942 |
_2lcc _cGEN |
||
| 999 |
_c8728 _d8728 |
||